000 00986nam a22002535i 4500
001 176009
003 ES-MaACL
005 20251003063152.0
008 101209s1923 sp |||| | spa d
080 _a2
080 _a091
100 1 _aBeltrán de Heredia, Vicente,
_d1885-1973
_927359
245 1 5 _a[Los manuscritos del Maestro Fray Francisco de Vitoria
_b: estudio crítico de introducción a sus Lecturas y Relecciones] /
_c[por Vicente Beltrán de Heredia].
260 _a[Madrid :
_bSanto Domingo el Real,
_cimp. 1923]
300 _a238 p. ;
_c26 cm.
490 1 _aBiblioteca de tomistas españoles ;
_v4
500 _aDatos tomados de la BNE.
597 _aFaltan las pág. preliminares, la port. y las últimas pág.
600 1 4 _aVitoria, Francisco de-
_vBibliografías.
_9144230
650 4 _aManuscritos.
_9136456
830 0 _aBiblioteca de tomistas españoles ;
_v4
_9223956
852 _aES-MaACL
_jE-13743
_xOlim P-875
999 _c176009
_d176009